16 popular logos - Statistics

General Stats
  • This quiz has been taken 524 times
    450 since last reset
  • The average score is 13 of 16
Answer Stats
Picture Answer % Correct
Youtube
99%
Amazon
90%
Google
90%
Lego
90%
Netflix
90%
Apple
89%
McDonald's
89%
Starbucks
89%
Shell
87%
Toyota
87%
Android
83%
Jetpunk
82%
BMW
81%
Walmart
81%
NBC
66%
San Francisco Giants
33%
No matching quizzes found
Score Distribution
Percent of People with Each Score
Percentile by Number Answered
Your Score History
You have not taken this quiz since the last reset